000 00841cam a2200229 i 4500
005 20260129102145.0
008 250721s2001 jo gr 000 0 ara d
082 1 4 _a370.11
_bب ر ا
100 1 _aالبرازي، مجد محمد الباكير
_eمؤلف.
245 1 0 _aأخلاقيات مهنة التربية و التعليم في الكتاب و السنة /
_cتأليف مجد محمد الباكير البرازي.
250 _aالطبعة الاولى.
264 3 1 _aعمان :
_bمؤسسة الوراق،
_c2001.
300 _a176صفحة.
650 1 7 _aالتربية.
650 1 7 _aالتعليم.
650 1 7 _aالإسلام.
650 1 7 _aالأخلاق.
650 1 7 _aالقرآن الكريم.
650 1 7 _aالحديث الشريف.
942 _2ddc
_cBK
999 _c35048
_d35048